000 00648nam a2200205 a 4500
001 20062
003 BD-RjUL
005 20211209000521.0
008 140226r19541951enka 000 1 eng d
035 _a(BD-RjUL)20124
040 _aDLC
_beng
_cDLC
_dBD-RjUL
041 _aeng
082 0 0 _a823.912
_219
_bDOS 1954
100 1 _aDoyle, Arthur Conan,
_d1859-1930.
_961768
245 1 0 _aSherlock Holmes :
_bselected stories /
_cby Sir Arthur Conan Doyle
260 _aLondon :
_bOxford university Press,
_c1951 [reprinted 1954].
300 _axxiii, 435 p ;
_c22 cm.
650 1 _a Holmes, Sherlock -- Juvenile fiction.
_961769
942 _2ddc
_cBK
999 _c20062
_d20062